Bulletin of Transilvania University of Brasov. Series VII, Social sciences, law

Detalles Bibliográficos
Autores Corporativos: Universitatea Transilvania, SPARC (Organization)
Formato: Revista
Lenguaje:inglés
Publicado: Bra, Romania : Transilvania University Press, 2009-
Materias:
Acceso en línea:Acceso restringido

MARC

LEADER 00000nas a2200000 a 4500
005 20110429115412.0
008 101005c2009 rm ar pss 0 0eng
022 |a 2066-7701 
035 |a 5263 
040 |a UCA  |d vlex 
090 |c 2083  |d 2083 
245 3 0 |a Bulletin of Transilvania University of Brasov.  |n Series VII,  |p Social sciences, law  |h [Recurso electrn̤ico]  |c Transilvania University of Brasov. 
246 3 |a Bulletin of the Transilvania University of Brasov.  |n Series VII,  |p Social sciences, law. 
256 |a Servicio en ln̕ea 
260 |a Bra, Romania :  |b Transilvania University Press,  |c 2009- 
300 |a 1 recurso electrn̤ico 
310 |a Anual. 
506 1 |a Contenido solo disponible en los productos indicados  |d vLex Global  |d vLex Global (Academic Edition, excluding Law Schools)  |d vLex Global (U.S. Academic Edition, Law Schools)  |d vLex Global (U.S. Academic Edition, excluding Law Schools)  |d vLex Global (Academic Edition, Law Schools) 
650 0 4 |a Ciencias sociales  |x Publicaciones perid̤icas. 
650 0 4 |a Derecho  |x Publicaciones perid̤icas. 
710 2 |a Universitatea Transilvania. 
710 2 |a SPARC (Organization) 
740 0 |a vLex Revista (Servicios en ln̕ea) 
856 0 4 |u http://vlex.com/source/bulletin-transilvania-university-brasov-social-sciences-law-5263  |z Acceso restringido 
942 |c REV